MARC

LEADER 00000nam0a2200000 4500
001 271223
005 20231101234421.0
035 |a (RuTPU)RU\TPU\book\294404 
090 |a 271223 
100 |a 20141006d1986 m y0rusy50 ca 
101 0 |a rus 
102 |a RU 
105 |a a j 001zy 
200 1 |a Расчет и конструирование термических печей на газовом топливе  |e [учебное пособие]  |f Е. С. Борисов  |g Андроповский авиационный технологический институт 
210 |a Ярославль  |c Изд-во ЯрПИ  |d 1986 
215 |a 84 с.  |c ил. 
320 |a Библиогр.: с. 75 
606 1 |a Термические печи, газовые  |2 stltpush  |3 (RuTPU)RU\TPU\subj\59885  |9 77380 
610 1 |a конструкции 
610 1 |a топливосжигающие устройства 
610 1 |a газовое топливо 
610 1 |a горение 
610 1 |a металлы 
610 1 |a нагрев 
610 1 |a расчет 
610 1 |a тепловой баланс 
610 1 |a дымовой тракт 
610 1 |a дымовые трубы 
610 1 |a стальные отливки 
610 1 |a отжиг 
610 1 |a камерные печи 
610 1 |a учебные пособия 
675 |a 621.783.2(075.8)  |v 4 
700 1 |a Борисов  |b Е. С.  |g Евстафий Степанович 
712 0 2 |a Андроповский авиационный технологический институт  |c (1984-1989)  |2 stltpush  |3 (RuTPU)RU\TPU\col\19374  |9 27465 
801 1 |a RU  |b 63413507  |c 20141006 
801 2 |a RU  |b 63413507  |c 20170309  |g RCR 
942 |c BK